000 011530000a22003250004500
003 EG-GICUC
005 20250223031521.0
008 070219s2003 ua a f m 000 0 Eng d
040 _aEG-GICUC
_beng
_cEG-GICUC
041 0 _aEng
049 _aDeposite
097 _aPh.D
099 _aCai01.13.04.Ph.D.2003.Am.B
100 0 _aAmal Elgohary Elsherbiny
245 1 0 _aBehaviour of membrane processes in nuclear field /
_cAmal Elgohary Elsherbiny ; Supervised M.A.ElRifai , A.Nasr , S.H.Elbialy
246 1 5 _aسلوك عمليات الاغشية فى المجال النووى
260 _aCairo :
_bAmal Elgohary Elsherbiny ,
_c2003
300 _a134P :
_bill ;
_c30cm
502 _aThesis (PH.D.) - Cairo University - Faculty Of Engineering - Department Of Chemical Engineering
530 _aIssued also as CD
653 4 _aBehaviour
653 4 _amembrane
700 0 _aAhmed Nasr ,
_eSupervisor
700 0 _aaSoaad Hoseen Elbialy ,
_eSupervisor
700 0 _aMahmoud Abdelhakeem Elrifai ,
_eSupervisor
856 _uhttp://172.23.153.220/th.pdf
905 _aAml
_eCataloger
905 _aEsam
_eRevisor
942 _2ddc
_cTH
999 _c56901
_d56901